000 00860nam a2200253 i 4500
001 82250
003 ES-MaACL
005 20250830095354.0
007 t|
008 041209s1976 sp ||||1| spa d
020 _a84-03-67009-5
080 _a321.01
100 1 _aLocke, John.
_973046
245 1 0 _aEnsayo sobre el gobierno civil /
_c[John] Locke ; traducción del inglés por Amando Lázaro Ros ; introducción de Luis Rodríguez Aranda.
260 _aMadrid :
_bAguilar,
_c1976.
300 _a189 p. ;
_c20 cm.
490 1 _aBiblioteca Aguilar de iniciación política
650 1 7 _aEstado
_2embne
_912523
700 1 _aLázaro Ros, Amando.
_970807
700 1 _aRodríguez Aranda, Luis.
_998344
830 0 _aBiblioteca Aguilar de iniciación política
_9231580
852 _aES-MaACL
_jE-10552
_bR.134716
999 _c82250
_d82250